000 00592pab a2200205 454500
008 180718b2010 xxu||||| |||| 00| 0 eng d
100 _aFlores, Nadia Y.
245 _aAssessing human capital transferability into the US labor market among Latino immigrants to the US states
260 _c2010
300 _ap.196-204.
362 _aJul
650 _aImmigration
650 _aLabour migration
650 _aEducation
650 _aMigration
650 _aLabour market
773 _aAnnals of the American Academy of Political and Social Science
908 _aN
909 _a87560
999 _c87560
_d87560